LEADER 01046nam a2200253 i 4500 001 991001179429707536 005 20020502184720.0 008 941220s1993 it ||| | ita 020 $a8871040902 035 $ab11475122-39ule_inst 035 $aPRUMB56286$9ExL 040 $aScuola per assistenti sociali$bita 082 0 $a346.45002643 100 1 $aDonisi, Carmine$0227560 245 10$aGiurisprudenza e diritto civile :$braccolta sistematica di quesiti e decisioni :$bpersone fisiche ed enti, famiglia e filiazione, negozio giuridico, contratti in generale /$cCarmine Donisi 260 $aNapoli :$bEdizioni scientifiche italiane,$c1993 300 $aXXVI, 605 p. ;$c24 cm. 650 4$aGiurisprudenza civile 907 $a.b11475122$b12-10-12$c01-07-02 912 $a991001179429707536 945 $aLE024 D/B IV 4$g1$iLE024N-3111$lle021$nex DUSS$o-$pE0.00$q-$rl$s- $t0$u0$v0$w0$x0$y.i1166499x$z01-07-02 996 $aGiurisprudenza e diritto civile$9270569 997 $aUNISALENTO 998 $ale021$b01-01-94$cm$da $e-$fita$git $h0$i1 LEADER 02596nas 2200853-a 450 001 996198637803316 005 20230213213019.0 011 $a1879-1972 035 $a(DE-599)ZDB2006608-9 035 $a(OCoLC)38911795 035 $a(CKB)954925595525 035 $a(CONSER)--2004233058 035 $a(EXLCZ)99954925595525 100 $a19980407a19919999 s-- - 101 0 $aeng 135 $aurmnu|||||||| 181 $ctxt$2rdacontent 182 $cc$2rdamedia 183 $acr$2rdacarrier 200 10$aJournal of adolescent health 210 $aNew York, NY $cElsevier Science Inc 300 $aRefereed/Peer-reviewed 311 $a1054-139X 517 1 $aJAH 531 $aJ ADOLESC HEALTH 531 $aJ ADOLESCENT HEALTH 531 $aJ ADOLES H 531 $aJOURNAL OF ADOLESCENT HEALTH : OFFICIAL PUBLICATION OF THE SOCIETY FOR ADOLESCENT MEDICINE 531 $aTHE JOURNAL OF ADOLESCENT HEALTH 531 $aJ. ADOLESC. HEALTH 531 1 $aJ. adolesc. health 606 $aAdolescent medicine$vPeriodicals 606 $aAdolescent medicine 606 $aAdolescent medicine$xPeriodicals 606 $aAdolescent Medicine 606 $aMédecine de l'adolescence$xPériodiques 606 $aMédecine de l'adolescence$vPériodiques 606 $aMédecine de l'adolescence 606 $aAdolescent medicine$2fast$3(OCoLC)fst00797010 606 $aJugendmedizin$2gnd 606 $aZeitschrift$2gnd 606 $aGezondheid$2gtt 606 $aGezondheidszorg$2gtt 606 $aAdolescenten$2gtt 608 $aPeriodical 608 $aperiodicals.$2aat 608 $aPeriodicals.$2fast 608 $aPeriodicals.$2lcgft 608 $aPériodiques.$2rvmgf 610 00$agezondheid 610 00$ahealth 610 00$aadolescenten 610 00$aadolescents 610 10$aMedicine (General) 610 10$aGeneeskunde (algemeen) 615 0$aAdolescent medicine 615 0$aAdolescent medicine. 615 0$aAdolescent medicine$xPeriodicals. 615 2$aAdolescent Medicine 615 6$aMédecine de l'adolescence$xPériodiques. 615 6$aMédecine de l'adolescence 615 6$aMédecine de l'adolescence. 615 7$aAdolescent medicine. 615 7$aJugendmedizin 615 7$aZeitschrift 615 17$aGezondheid. 615 17$aGezondheidszorg. 615 17$aAdolescenten. 676 $a616.005 712 02$aSociety for Adolescent Medicine (U.S.) 906 $aJOURNAL 912 $a996198637803316 996 $aJournal of adolescent health$91898918 997 $aUNISA